000
00302nam a22001337a 4500
008
170324b xxu||||| |||| 00| 0 eng d
020
_a
9780965683623
041
_a
eng
080
_a
615.83
100
_a
8
101
_a
SHM
245
_a
RACE, EVOLUTION, AND BEHAVIOUR
_c
RUSHTON, J.P
942
_2
udc
_c
BK
999
_c
8595
_d
8595